| 000 | 00876nam a2200205 a 4500 | ||
|---|---|---|---|
| 001 | 000028505 | ||
| 005 | 20200930055000.0 | ||
| 008 | 110408s200u mx 000 0 spa d | ||
| 040 |
_aDO-SdBNP _bspa _cBNPHU |
||
| 100 | 1 |
_aDurán Ramírez, Felipe. _955474 |
|
| 245 | 1 | 4 |
_aLa biblia de las recetas industriales : _bobra de fácil consulta para diferentes procesos industriales / _cFelipe Durán Ramírez ; revisión científica Fabián Zuñiga, Diana Margarita Vásquez Mosquera. |
| 246 | 1 | 4 |
_aLa biblia de las recetas industriales: _bfórmulas y procedimientos al alcance de todos |
| 260 |
_a[México] : _bGrupo Latino Editores, _c[200?]. |
||
| 300 |
_a1328 p. : _bil. ; _c29 cm. |
||
| 500 | _aIncluye índice | ||
| 500 | _aTexto a dos columnas | ||
| 504 | _aIncluye bibliografía. | ||
| 700 | 1 |
_aZuñiga, Fabián _955475 |
|
| 700 | 1 |
_aVásquez Mosquera, Diana Margarita _955476 |
|
| 999 |
_c27997 _d27997 |
||